World Trade Organization (WTO) annual report 2010.
| Corporate Author: | |
|---|---|
| Format: | Book |
| Published: |
Geneva World Trade Organization (WTO),
2010.
|
| Subjects: |
| LEADER | 00495cam a2200145 7i4500 | ||
|---|---|---|---|
| 001 | 0000026080 | ||
| 005 | 20110415090000.0 | ||
| 020 | 0 | 0 | |a 9789287037114 |
| 090 | 0 | 0 | |a I 382.1042 |b WOR |
| 110 | 2 | 0 | |a World Trade Organization (WTO) |
| 245 | 2 | 0 | |a World Trade Organization (WTO) annual report 2010. |
| 260 | 0 | 0 | |a Geneva World Trade Organization (WTO), |c 2010. |
| 300 | # | # | |a 152p. |
| 650 | 0 | 0 | |a World Trade Organization (WTO) -- |y 2010 -- |z Annual report |
| 999 | |a 0000027731 |b Book |c International |e Business Information Centre | ||


